| 000 | 01240nam0a22002891 4500 | ||
|---|---|---|---|
| 001 | rc\2815276 | ||
| 005 | 20250806211045.0 | ||
| 035 | _a(NLR Aleph) 006941047 | ||
| 090 |
_a14642 _c14642 |
||
| 100 | _a20250806 rusy50 | ||
| 101 | 0 | _arus | |
| 102 | _aRU | ||
| 105 | _aa z ||||| | ||
| 200 | 1 |
_aМастера высоких урожаев овощей _fСоставители: П. М. Демусенко, З. И. Журбицкий, О. А. Зеленская и др. |
|
| 210 |
_aМосква _cСельхозгиз _d1945 [на обл.: 1946] _gОбразцовая тип. и тип. № М-305 |
||
| 215 |
_a148 с. _cил. _d20 см. |
||
| 300 | _aНа обороте тит. л. указаны составители: П. М. Демусенко, З. И. Журбицкий, О. А. Зеленская и др. | ||
| 702 | 1 |
_aЖурбицкий _bЗ.И. _4220 |
|
| 702 | 1 |
_aЗеленская _bО.А. _4220 |
|
| 702 | 1 |
_aДемусенко _bП.М. _gПантелеймон Мартынович _4220 |
|
| 801 | 0 |
_aRU _bNLR _gpsbo |
|
| 801 | 1 |
_aRU _bELAR _2rusmarc |
|
| 852 |
_aNLR _jС40 Г-3/44 |
||
| 942 | _cBOOK | ||
| 945 | _aРоссийская национальная библиотека | ||
| 980 | _aNB | ||
| 980 | _aBV | ||